000 00532nam a2200229Ia 4500
003 OSt
005 20221005122823.0
006 a|||||r|||| 00| 0
007 ta
008 221004b |||||||| |||| 00| 0 ben d
024 _a27314
037 _cTextual
040 _aCRL
_cCRL
_bben
041 _2ben
_aben
082 _aY1:42, 157L1
100 _aAli
_9209624
245 0 _aKat na ashru jal
260 _c1971
650 _aSOCIOLOGY
942 _hY1:42, 157L1
_cTEXL
_2cc
999 _c1045483
_d1045483